Statistics for Atlanta Groups of Things

Click here to take the quiz!

General Stats

  • This quiz has been taken 144 times
  • The average score is 12 of 35

Answer Stats

HintAnswer% Correct
Largest CompaniesCoca-Cola
89%
Major UniversitiesGeorgia Institute of Technology
70%
Interstate HighwaysI-20
61%
Interstate HighwaysI-75
59%
Braves Players With the Most Home RunsHank Aaron
58%
Interstate HighwaysI-85
56%
Falcons Super Bowl QuarterbacksMatt Ryan
53%
Braves Players With the Most Home RunsChipper Jones
49%
Braves Players With the Most Home RunsAndruw Jones
48%
Major UniversitiesEmory University
48%
Major UniversitiesGeorgia State University
48%
Major Sports StadiumsMercedes-Benz Stadium
41%
Interstate HighwaysI-285
40%
Most Populous SuburbsAlpharetta
35%
Largest CompaniesDelta Airlines
35%
Hawks All Stars of the 2010sTrae Young
34%
Major Sports StadiumsTruist Park
33%
Most Populous SuburbsSandy Springs
30%
Hawks All Stars of the 2010sAl Horford
24%
Braves Players With the Most Home RunsDale Murphy
24%
Interstate HighwaysI-675
24%
Hawks All Stars of the 2010sJoe Johnson
24%
Interstate HighwaysI-985
23%
Most Populous SuburbsRoswell
23%
Largest CompaniesThe Home Depot
23%
Interstate HighwaysI-575
22%
Major Sports StadiumsState Farm Arena
21%
Braves Players With the Most Home RunsEddie Mathews
19%
Hawks All Stars of the 2010sJeff Teague
19%
Most Populous SuburbsJohns Creek
19%
Hawks All Stars of the 2010sKyle Korver
19%
Falcons Super Bowl QuarterbacksChris Chandler
18%
Hawks All Stars of the 2010sPaul Millsap
17%
Largest CompaniesUPS
15%
Most Populous SuburbsSouth Fulton
10%

Score Distribution

Percentile by Number Answered

Percent of People with Each Score

Your Score History

You have not taken this quiz